000
00275nam a22001097a 4500
005
20250527123456.0
008
230530b |||||||| |||| 00| 0 eng d
022
_a
9770973847001
245
_a
THE IUP Journal of SOFT SKILLS
260
_b
IUP PUBLICATIONS
_c
MAR-2019
942
_c
JRL
999
_c
8309
_d
8307